[Event "CYCC U12"]
[Site "Sault Ste Marie CAN"]
[Date "2017.07.08"]
[Round "5.60"]
[White "Bui, Alan"]
[Black "Zhao, Jeffrey Renfei"]
[Result "1/2-1/2"]
[WhiteElo "1716"]
[BlackElo "1525"]
[WhiteFideId "-1"]
[WhiteFideId "-1"]
[PlyCount "78"]
[GameId "2160767908410372"]
[EventDate "2017.07.06"]
[EventType "swiss"]
[EventRounds "7"]
[EventCountry "CAN"]
[SourceTitle "hb 2017"]

1. d4 d5 2. Nf3 Nf6 3. Bf4 e6 4. e3 Bd6 5. Bg3 c5 6. c3 Nc6 7. Ne5 Qc7 8. f4 Ne4 9. Nd2 O-O 10. Bd3 f5 11. Ndf3 b6 12. a4 Bb7 13. Bh4 Nf6 14. Ng5 Rae8 15. h3 g6 16. g4 Bc8 17. Nxc6 Qxc6 18. Bb5 Qc7 19. Bxe8 Rxe8 20. Nf3 Ne4 21. Nd2 cxd4 22. Nxe4 dxe4 23. Qxd4 e5 24. Qd2 exf4 25. Rd1 Bc5 26. exf4 e3 27. Qe2 Qxf4 28. b4 Be7 29. Bxe7 Qg3+ 30. Kf1 Bb7 31. Qh2 Qf3+ 32. Ke1 Qxh1+ 33. Qxh1 Bxh1 34. Rd8 Rxd8 35. Bxd8 fxg4 36. hxg4 Bf3 37. g5 Kf7 38. Bc7 Ke6 39. Bf4 Kd5 1/2-1/2

[Event "CYCC U12"]
[Site "Sault Ste Marie CAN"]
[Date "2017.07.08"]
[Round "5.61"]
[White "Issani, Nameer"]
[Black "Chakkoli, Anirud"]
[Result "1-0"]
[WhiteElo "2157"]
[BlackElo "1174"]
[WhiteFideId "-1"]
[WhiteFideId "-1"]
[PlyCount "55"]
[GameId "2160767908410373"]
[EventDate "2017.07.06"]
[EventType "swiss"]
[EventRounds "7"]
[EventCountry "CAN"]
[SourceTitle "hb 2017"]

1. d4 Nf6 2. c4 g6 3. Nc3 d5 4. cxd5 Nxd5 5. e4 Nxc3 6. bxc3 c5 7. Be3 Nc6 8. Nf3 Bg7 9. Qd2 cxd4 10. cxd4 O-O 11. h3 b6 12. Rc1 Bb7 13. Be2 Rc8 14. O-O Qd7 15. Rfd1 Rfd8 16. Bb5 f5 17. d5 fxe4 18. dxc6 Qxd2 19. Nxd2 Ba8 20. c7 Rxc7 21. Rxc7 e6 22. Bc4 Rd6 23. Bf4 Rd8 24. Bxe6+ Kf8 25. Rf7+ Ke8 26. Rxg7 Bc6 27. Bg5 Rd6 28. Rg8# 1-0

[Event "CYCC U12"]
[Site "Sault Ste Marie CAN"]
[Date "2017.07.08"]
[Round "5.62"]
[White "Guo, Roger"]
[Black "Gao, Raymond"]
[Result "0-1"]
[WhiteElo "1230"]
[BlackElo "1537"]
[WhiteFideId "-1"]
[WhiteFideId "-1"]
[PlyCount "56"]
[GameId "2160767908410374"]
[EventDate "2017.07.06"]
[EventType "swiss"]
[EventRounds "7"]
[EventCountry "CAN"]
[SourceTitle "hb 2017"]

1. d4 Nf6 2. Nf3 e6 3. Nbd2 d5 4. e3 b6 5. Bd3 Bb7 6. O-O c5 7. c3 Be7 8. Re1 O-O 9. e4 dxe4 10. Nxe4 cxd4 11. cxd4 Nd5 12. Neg5 h6 13. Nh7 Re8 14. Ne5 Nb4 15. Qg4 Nxd3 16. Bxh6 Bf6 17. Nxf6+ Qxf6 18. Bg5 Nxe5 19. Rxe5 Qg6 20. Rae1 Bd5 21. Rxd5 f5 22. Qf3 exd5 23. Qxd5+ Kh8 24. Re3 Rxe3 25. Bxe3 f4 26. Bc1 Nc6 27. b4 Re8 28. Bd2 Qb1+ 0-1

[Event "CYCC U12"]
[Site "Sault Ste Marie CAN"]
[Date "2017.07.08"]
[Round "5.63"]
[White "Gaisinsky, Jacob"]
[Black "Vo, Andy"]
[Result "1-0"]
[WhiteElo "943"]
[BlackElo "1512"]
[WhiteFideId "-1"]
[WhiteFideId "-1"]
[PlyCount "62"]
[GameId "2160767908410375"]
[EventDate "2017.07.06"]
[EventType "swiss"]
[EventRounds "7"]
[EventCountry "CAN"]
[SourceTitle "hb 2017"]

1. e4 c5 2. d4 cxd4 3. c3 Nf6 4. Bd3 Nc6 5. Nf3 dxc3 6. Nxc3 d6 7. O-O g6 8. Bg5 Bg7 9. Rc1 O-O 10. Qb3 Rb8 11. Rfd1 Nd7 12. Be2 Nc5 13. Qa3 h6 14. Bh4 Ne6 15. Nb5 g5 16. Bg3 Ra8 17. e5 Qb6 18. exd6 exd6 19. Bxd6 Re8 20. Bf1 a6 21. b4 Bd7 22. Bc5 Nxc5 23. bxc5 axb5 24. Qxa8 Rxa8 25. cxb6 Bf5 26. Bxb5 Rxa2 27. Bxc6 bxc6 28. b7 Rb2 29. Rd8+ Kh7 30. b8=Q Ra2 31. Qb3 Be6 1-0

[Event "CYCC U12"]
[Site "Sault Ste Marie CAN"]
[Date "2017.07.08"]
[Round "5.64"]
[White "Brunet, Marc-Antoine"]
[Black "Butchart, Kevin"]
[Result "0-1"]
[WhiteElo "850"]
[BlackElo "1363"]
[WhiteFideId "-1"]
[WhiteFideId "-1"]
[PlyCount "140"]
[GameId "2160767908410376"]
[EventDate "2017.07.06"]
[EventType "swiss"]
[EventRounds "7"]
[EventCountry "CAN"]
[SourceTitle "EXT 2022"]
[Source "ChessBase"]
[SourceDate "2021.10.06"]
[SourceVersion "1"]
[SourceVersionDate "2021.10.06"]
[SourceQuality "1"]

1. d4 d5 2. e3 c6 3. Bd3 Nf6 4. Nd2 e6 5. Ngf3 Nbd7 6. c3 Bd6 7. O-O O-O 8. e4 dxe4 9. Nxe4 Nxe4 10. Bxe4 Nf6 11. Bg5 h6 12. Bxf6 Qxf6 13. Qd3 e5 14. Rad1 exd4 15. Nxd4 Qe5 16. g3 Qf6 17. Bf5 Bxf5 18. Nxf5 Bc5 19. Rd2 Rad8 20. Qc2 Rxd2 21. Qxd2 Qxf5 22. b4 Bb6 23. Qe2 Qe6 24. Qd3 Rd8 25. Qc2 Qd5 26. Qb1 Qd2 27. c4 Bd4 28. Kg2 Re8 29. h4 Re2 30. Qf5 Qxb4 31. Qd3 Qb2 32. Rd1 Rxf2+ 33. Kh3 Rh2+ 34. Kg4 Qe2+ 35. Qxe2 Rxe2 36. Rxd4 Rxa2 37. Rd7 Rb2 38. Kf4 Rb4 39. Kf3 Rxc4 40. Rxb7 a5 41. Ra7 a4 42. Ke2 c5 43. Kd3 Rb4 44. Kc3 Rb3+ 45. Kc4 Ra3 46. Kxc5 Ra1 47. Kb4 a3 48. Kb3 f6 49. Ra5 Rg1 50. Kc4 Rxg3 51. Kd5 Rg4 52. Rxa3 Rxh4 53. Ke6 Re4+ 54. Kf5 Re5+ 55. Kg4 Kh7 56. Kf4 h5 57. Rh3 Kh6 58. Rh2 g5+ 59. Kf3 h4 60. Kg4 Kg6 61. Rd2 Re4+ 62. Kf3 f5 63. Rd6+ Kh5 64. Rd5 g4+ 65. Kg2 Kg5 66. Kf2 Kf4 67. Kg2 h3+ 68. Kh2 Re2+ 69. Kh1 g3 70. Kg1 Re1# 0-1

[Event "CYCC U12"]
[Site "Sault Ste Marie CAN"]
[Date "2017.07.08"]
[Round "5.65"]
[White "Joseph Benher, Savio"]
[Black "Mukherjee, Pranoy"]
[Result "1/2-1/2"]
[WhiteElo "1344"]
[BlackElo "1048"]
[WhiteFideId "-1"]
[WhiteFideId "-1"]
[PlyCount "142"]
[GameId "2160767908410377"]
[EventDate "2017.07.06"]
[EventType "swiss"]
[EventRounds "7"]
[EventCountry "CAN"]
[SourceTitle "hb 2017"]

1. e4 e6 2. d4 d5 3. Nc3 Bb4 4. exd5 exd5 5. Bd3 Nf6 6. Bg5 Be6 7. Nf3 c6 8. O-O Nbd7 9. a3 Bd6 10. Re1 O-O 11. Ne2 Qc7 12. Ng3 h6 13. Bd2 Rfe8 14. Bf5 Bxf5 15. Rxe8+ Rxe8 16. Nxf5 Bf4 17. Qc1 Bxd2 18. Qxd2 Ne4 19. Qb4 a5 20. Qb3 b5 21. Re1 Ndf6 22. Ne5 Nd7 23. Rxe4 Nxe5 24. Rxe5 Rxe5 25. dxe5 Qxe5 26. Ne3 d4 27. Nf1 a4 28. Qf3 c5 29. g3 c4 30. Kg2 c3 31. bxc3 dxc3 32. Ne3 Kf8 33. Qa8+ Qe8 34. Qxe8+ Kxe8 35. Nd5 Kd7 36. Kf3 Kc6 37. Nb4+ Kd6 38. Ke4 Ke6 39. Kd4 Kf5 40. f3 g5 41. Kc5 g4 42. f4 Ke4 43. Kxb5 Kf3 44. Kxa4 Kg2 45. Kb5 Kxh2 46. a4 Kxg3 47. Nd3 Kf3 48. a5 g3 49. Ne1+ Kf2 50. Nd3+ Kf1 51. a6 g2 52. a7 g1=Q 53. a8=Q Ke2 54. Qe4+ Qe3 55. Qg2+ Kd1 56. Nf2+ Kxc2 57. Ng4+ Qd2 58. Qe4+ Kc1 59. Ne3 c2 60. Qh1+ Qd1 61. Nxd1 cxd1=Q 62. Qc6+ Qc2 63. Qxh6 Qe2+ 64. Kc6 Qg2+ 65. Kd7 Qd5+ 66. Ke7 f5 67. Qg5 Qe4+ 68. Kf7 Kd2 69. Qd8+ Ke3 70. Qg5 Qxf4 71. Qe7+ Kf3 1/2-1/2

[Event "CYCC U12"]
[Site "Sault Ste Marie CAN"]
[Date "2017.07.08"]
[Round "5.66"]
[White "Yang, Henry"]
[Black "Greco, Justin"]
[Result "1-0"]
[WhiteElo "1318"]
[BlackElo "918"]
[WhiteFideId "-1"]
[WhiteFideId "-1"]
[PlyCount "99"]
[GameId "2160767908410378"]
[EventDate "2017.07.06"]
[EventType "swiss"]
[EventRounds "7"]
[EventCountry "CAN"]
[SourceTitle "EXT 2022"]
[Source "ChessBase"]
[SourceDate "2021.10.06"]
[SourceVersion "1"]
[SourceVersionDate "2021.10.06"]
[SourceQuality "1"]

1. e4 e5 2. Nf3 Nc6 3. Bc4 Nf6 4. d3 Bc5 5. Nc3 d6 6. h3 Be6 7. Bb3 O-O 8. O-O h6 9. Re1 Re8 10. Be3 Bb6 11. Bxb6 cxb6 12. Qd2 Nd4 13. Nxd4 exd4 14. Ne2 Bxb3 15. axb3 d5 16. exd5 Nxd5 17. Nxd4 Rxe1+ 18. Rxe1 Qd7 19. Nf3 Re8 20. Kf1 Rxe1+ 21. Qxe1 Nf4 22. Qe4 Ng6 23. Ke2 Qe6 24. Qxe6 fxe6 25. Ke3 Kf7 26. Kd4 Ke7 27. Ne5 Nf4 28. g3 Ne2+ 29. Ke3 Ng1 30. h4 Nh3 31. f4 g5 32. Kf3 Ng1+ 33. Kf2 Nh3+ 34. Kg2 Nxf4+ 35. gxf4 gxf4 36. Ng6+ Kf6 37. Nxf4 e5 38. Ne2 Kf5 39. Kf3 a6 40. Ng3+ Ke6 41. Kg4 Kf6 42. Kh5 Kg7 43. Nf5+ Kh7 44. Nxh6 Kh8 45. Kg6 e4 46. dxe4 a5 47. e5 a4 48. e6 axb3 49. e7 bxc2 50. e8=Q# 1-0

[Event "CYCC U12"]
[Site "Sault Ste Marie CAN"]
[Date "2017.07.08"]
[Round "5.67"]
[White "Ran, Charles"]
[Black "Shi, Kevin"]
[Result "1-0"]
[WhiteElo "1300"]
[BlackElo "799"]
[WhiteFideId "-1"]
[WhiteFideId "-1"]
[PlyCount "31"]
[GameId "2160767908410379"]
[EventDate "2017.07.06"]
[EventType "swiss"]
[EventRounds "7"]
[EventCountry "CAN"]
[SourceTitle "hb 2017"]

1. e4 e5 2. Nf3 Nc6 3. Bc4 Nf6 4. Ng5 d5 5. exd5 Nxd5 6. Qf3 Qxg5 7. Bxd5 Qf5 8. Bxc6+ bxc6 9. Qxc6+ Kd8 10. Qxa8 Qxc2 11. O-O Qg6 12. Nc3 h5 13. d4 exd4 14. Qd5+ Bd6 15. Qxd4 Bh3 16. Qh4+ 1-0

[Event "CYCC U12"]
[Site "Sault Ste Marie CAN"]
[Date "2017.07.08"]
[Round "5.70"]
[White "Stopic, Alexander"]
[Black "Guenette, Ethan"]
[Result "1-0"]
[WhiteElo "1502"]
[BlackElo "1073"]
[WhiteFideId "-1"]
[WhiteFideId "-1"]
[PlyCount "79"]
[GameId "2160767908410383"]
[EventDate "2017.07.06"]
[EventType "swiss"]
[EventRounds "7"]
[EventCountry "CAN"]
[SourceTitle "hb 2017"]

1. e4 e5 2. Nf3 d6 3. Bc4 h6 4. Nc3 Be6 5. Bb3 Bxb3 6. axb3 Nf6 7. d3 c6 8. O-O g5 9. h3 d5 10. Nxe5 Bd6 11. Nf3 dxe4 12. dxe4 h5 13. Bxg5 Bb4 14. Qxd8+ Kxd8 15. Bxf6+ Be7 16. Bxh8 f6 17. Rad1+ Ke8 18. e5 fxe5 19. Bxe5 Nd7 20. Rfe1 Rd8 21. Bd6 Nb8 22. Rxe7+ Kf8 23. Rd7+ Ke8 24. Rxd8+ Kxd8 25. Bxb8+ Kc8 26. Be5 b5 27. Nd4 c5 28. Ne6 b4 29. Rd8+ Kb7 30. Na4 c4 31. bxc4 b3 32. cxb3 h4 33. f4 Ka6 34. Rb8 Ka5 35. f5 Ka6 36. f6 Ka5 37. f7 Ka6 38. f8=Q Ka5 39. Qb4+ Ka6 40. Nec5# 1-0

[Event "CYCC U12"]
[Site "Sault Ste Marie CAN"]
[Date "2017.07.08"]
[Round "5.71"]
[White "Schaffner, Jack"]
[Black "Sotnikov, Alexander2"]
[Result "0-1"]
[WhiteElo "898"]
[BlackElo "651"]
[WhiteFideId "-1"]
[WhiteFideId "-1"]
[PlyCount "82"]
[GameId "2160767908410384"]
[EventDate "2017.07.06"]
[EventType "swiss"]
[EventRounds "7"]
[EventCountry "CAN"]
[SourceTitle "EXT 2022"]
[Source "ChessBase"]
[SourceDate "2021.10.06"]
[SourceVersion "1"]
[SourceVersionDate "2021.10.06"]
[SourceQuality "1"]

1. d4 d5 2. e3 Nc6 3. Bb5 Bd7 4. Bxc6 Bxc6 5. b3 Nf6 6. c4 e6 7. Nf3 Bd6 8. Ne5 Bxe5 9. dxe5 Nd7 10. f4 Nc5 11. b4 Ne4 12. b5 Qh4+ 13. g3 Nxg3 14. hxg3 Qxh1+ 15. Kd2 Qxd1+ 16. Kxd1 Bd7 17. Na3 dxc4 18. Nxc4 Bxb5 19. Na3 Ba4+ 20. Ke2 Rd8 21. Bd2 O-O 22. Rc1 Bc6 23. Nc4 Bb5 24. g4 Rd7 25. Kf3 Bxc4 26. Rxc4 Rxd2 27. Rxc7 Rxa2 28. Rxb7 g6 29. Ke4 f5+ 30. gxf5 gxf5+ 31. Kf3 Rf7 32. Rb8+ Kg7 33. Rd8 h5 34. Re8 Ra6 35. Kg3 Kg6 36. Kh4 Rh7 37. Rg8+ Kf7 38. Rg5 Ra3 39. Rg3 Ra1 40. Rh3 Rg7 41. Rg3 Rh1+ 0-1

[Event "CYCC U12"]
[Site "Sault Ste Marie CAN"]
[Date "2017.07.08"]
[Round "5.72"]
[White "Eirew, David"]
[Black "Mugunthan, Vaamanan"]
[Result "0-1"]
[WhiteElo "678"]
[BlackElo "865"]
[WhiteFideId "-1"]
[WhiteFideId "-1"]
[PlyCount "74"]
[GameId "2160767908410385"]
[EventDate "2017.07.06"]
[EventType "swiss"]
[EventRounds "7"]
[EventCountry "CAN"]
[SourceTitle "EXT 2022"]
[Source "ChessBase"]
[SourceDate "2021.10.06"]
[SourceVersion "1"]
[SourceVersionDate "2021.10.06"]
[SourceQuality "1"]

1. e4 e5 2. Nf3 Nc6 3. Bc4 Be7 4. Nc3 Nf6 5. d3 d6 6. O-O Be6 7. Bxe6 fxe6 8. Ng5 Qd7 9. Be3 O-O 10. a3 d5 11. Qd2 d4 12. Bxd4 exd4 13. Ne2 h6 14. Nf3 Ng4 15. Nf4 Qd6 16. g3 e5 17. Nxe5 Ncxe5 18. Qe2 Nf6 19. Rac1 Nfd7 20. b4 Bg5 21. Rb1 Bxf4 22. gxf4 Rxf4 23. f3 Raf8 24. Kg2 Qg6+ 25. Kh1 Rxf3 26. Rg1 Qh5 27. Qg2 Qg5 28. Qe2 Qf6 29. c4 Rf2 30. Qh5 Qf3+ 31. Qxf3 R8xf3 32. b5 Rh3 33. Rg2 Rxg2 34. Kxg2 Rxd3 35. b6 axb6 36. Rf1 Rd2+ 37. Kg1 Nxc4 0-1

[Event "CYCC U12"]
[Site "Sault Ste Marie CAN"]
[Date "2017.07.09"]
[Round "6.54"]
[White "Zhao, Ian"]
[Black "Huang, Patrick"]
[Result "0-1"]
[WhiteElo "1930"]
[BlackElo "2003"]
[WhiteFideId "-1"]
[WhiteFideId "-1"]
[PlyCount "62"]
[GameId "2160767908410388"]
[EventDate "2017.07.06"]
[EventType "swiss"]
[EventRounds "7"]
[EventCountry "CAN"]
[SourceTitle "EXT 2022"]
[Source "ChessBase"]
[SourceDate "2021.10.06"]
[SourceVersion "1"]
[SourceVersionDate "2021.10.06"]
[SourceQuality "1"]

1. e4 c5 2. c3 Nf6 3. e5 Nd5 4. d4 cxd4 5. Nf3 Nc6 6. cxd4 d6 7. Bc4 Nb6 8. Bb5 d5 9. O-O Bf5 10. Nc3 e6 11. Bg5 Be7 12. Bxe7 Qxe7 13. Rc1 O-O 14. Bxc6 bxc6 15. Na4 Nxa4 16. Qxa4 Be4 17. Nd2 Bxg2 18. Kxg2 Qg5+ 19. Kh1 Qxd2 20. Rc2 Qd3 21. Rfc1 Rac8 22. Qxa7 Ra8 23. Qb6 Rxa2 24. Rxc6 h6 25. Qb4 f6 26. Qe7 Qf3+ 27. Kg1 Rxb2 28. Qxe6+ Rf7 29. Rc8+ Kh7 30. R8c2 Rc7 31. exf6 Rcxc2 0-1

[Event "CYCC U12"]
[Site "Sault Ste Marie CAN"]
[Date "2017.07.09"]
[Round "6.55"]
[White "Doknjas, Neil"]
[Black "Noorali, Aahil"]
[Result "1/2-1/2"]
[WhiteElo "1844"]
[BlackElo "2043"]
[WhiteFideId "-1"]
[WhiteFideId "-1"]
[PlyCount "99"]
[GameId "2160767908410389"]
[EventDate "2017.07.06"]
[EventType "swiss"]
[EventRounds "7"]
[EventCountry "CAN"]

1. e4 e5 2. Nf3 Nc6 3. d4 exd4 4. Nxd4 Bc5 5. Be3 Qf6 6. c3 Nge7 7. Bc4 O-O 8. O-O b6 9. f4 d5 10. exd5 Na5 11. Bd3 Bb7 12. b4 Nxd5 13. Bf2 Nxc3 14. Nxc3 Bxd4 15. Bxh7+ Kxh7 16. Qd3+ Qg6 17. Qh3+ Qh6 18. Qxh6+ gxh6 19. Bxd4 Nc6 20. Be5 f6 21. Bxc7 Rf7 22. Bd6 Rd8 23. Rad1 Rfd7 24. b5 Rxd6 25. bxc6 Rxd1 26. Rxd1 Rxd1+ 27. Nxd1 Bxc6 28. Nc3 Kg6 29. Ne2 a5 30. Nd4 Bd7 31. h3 Kf7 32. Kf2 Ke7 33. Ke3 Kd6 34. g4 b5 35. a3 Kd5 36. Nb3 b4 37. axb4 axb4 38. Nd2 f5 39. g5 hxg5 40. fxg5 f4+ 41. Kxf4 Bxh3 42. g6 Be6 43. Ke3 Ke5 44. Nf3+ Kf6 45. Nd4 Bg8 46. Kd3 Kxg6 47. Nc6 b3 48. Kc3 Kf6 49. Nd4 Ke5 50. Nxb3 1/2-1/2

[Event "CYCC U12"]
[Site "Sault Ste Marie CAN"]
[Date "2017.07.09"]
[Round "6.56"]
[White "Rusonik, Max"]
[Black "Wu, Tony (Dongze)"]
[Result "1/2-1/2"]
[WhiteElo "1846"]
[BlackElo "1734"]
[WhiteFideId "-1"]
[WhiteFideId "-1"]
[PlyCount "108"]
[GameId "2160767908410390"]
[EventDate "2017.07.06"]
[EventType "swiss"]
[EventRounds "7"]
[EventCountry "CAN"]
[SourceTitle "hb 2017"]

1. e4 c5 2. Nf3 d6 3. d4 cxd4 4. Nxd4 Nf6 5. Nc3 g6 6. Be3 Bg7 7. f3 O-O 8. Qd2 Nc6 9. Bc4 Bd7 10. O-O-O Na5 11. Bb3 Rb8 12. h4 b5 13. Kb1 Nxb3 14. cxb3 b4 15. Nce2 a5 16. g4 a4 17. Nc1 Qc7 18. h5 Rfc8 19. hxg6 fxg6 20. Rh2 a3 21. bxa3 Bxg4 22. Bh6 e5 23. Bxg7 Qxg7 24. Qe2 exd4 25. fxg4 bxa3 26. g5 Nd7 27. Rdh1 Ne5 28. Nd3 Nxd3 29. Qxd3 Rc3 30. Qa6 Qb7 31. Qxb7 Rxb7 32. Rd2 d3 33. Rhd1 Rc5 34. Rxd3 Rxg5 35. Rxd6 Re5 36. Ra6 Rxe4 37. Rxa3 g5 38. Ra5 h6 39. Rd6 Kh7 40. Raa6 Rh4 41. Kc2 Rh3 42. Kd2 Rf7 43. b4 g4 44. Rf6 Rxf6 45. Rxf6 Rh2+ 46. Ke1 Rxa2 47. b5 g3 48. Kf1 h5 49. Rf3 g2+ 50. Kg1 h4 51. Rh3 Rb2 52. Rxh4+ Kg6 53. Rg4+ Kf5 54. Rxg2 Rxb5 1/2-1/2

[Event "CYCC U12"]
[Site "Sault Ste Marie CAN"]
[Date "2017.07.08"]
[Round "6.57"]
[White "Tanaka, Tyler"]
[Black "Liu, Harry"]
[Result "1-0"]
[WhiteElo "2085"]
[BlackElo "1734"]
[WhiteFideId "-1"]
[WhiteFideId "-1"]
[PlyCount "73"]
[GameId "2160767908410391"]
[EventDate "2017.07.06"]
[EventType "swiss"]
[EventRounds "7"]
[EventCountry "CAN"]
[SourceTitle "EXT 2022"]
[Source "ChessBase"]
[SourceDate "2021.10.06"]
[SourceVersion "1"]
[SourceVersionDate "2021.10.06"]
[SourceQuality "1"]

1. e4 e6 2. d4 d5 3. e5 c5 4. c3 Nc6 5. Nf3 f6 6. Bd3 Bd7 7. O-O Qb6 8. a3 fxe5 9. Nxe5 Nxe5 10. dxe5 O-O-O 11. b4 c4 12. Bc2 Ne7 13. Be3 Qc7 14. f4 g6 15. Nd2 Bh6 16. a4 b6 17. Qb1 Nc6 18. Nf3 Kb7 19. Re1 Rhf8 20. g3 Rg8 21. Nd4 Nxd4 22. Bxd4 Bf8 23. Qb2 Be7 24. Ra2 Ra8 25. Rea1 Rgc8 26. b5 Bc5 27. a5 Bxd4+ 28. cxd4 c3 29. Qb4 bxa5 30. Rxa5 Qc4 31. Qd6 Qc7 32. Qa6+ Kb8 33. b6 Qb7 34. bxa7+ Kc7 35. Qd6+ Kd8 36. Qf8+ Be8 37. Ra6 1-0

[Event "CYCC U12"]
[Site "Sault Ste Marie CAN"]
[Date "2017.07.09"]
[Round "6.58"]
[White "Zhao, Jonathan"]
[Black "Bui, Alan"]
[Result "1-0"]
[WhiteElo "1692"]
[BlackElo "1716"]
[WhiteFideId "-1"]
[WhiteFideId "-1"]
[PlyCount "73"]
[GameId "2160767908410392"]
[EventDate "2017.07.06"]
[EventType "swiss"]
[EventRounds "7"]
[EventCountry "CAN"]
[SourceTitle "hb 2017"]

1. d4 Nf6 2. Nf3 d5 3. e3 g6 4. Bd3 Bg7 5. Nbd2 O-O 6. c3 c5 7. O-O Nc6 8. dxc5 a5 9. e4 e6 10. a4 Qe7 11. exd5 Nxd5 12. Nb3 Ne5 13. Bb5 Qc7 14. Nxe5 Bxe5 15. h3 Rd8 16. Qe2 Bg7 17. Bc4 h6 18. Rd1 Ne7 19. Rxd8+ Qxd8 20. Bf4 Bd7 21. Rd1 Qe8 22. Bb5 Nd5 23. Bg3 Bc6 24. Qc4 Bf8 25. Nd4 Rc8 26. Bxc6 bxc6 27. Bd6 Bxd6 28. cxd6 Nb6 29. Qa2 Rd8 30. Nf3 c5 31. Ne5 Qxa4 32. Qxa4 Nxa4 33. Nc6 Rd7 34. Nb8 Rd8 35. d7 Nxb2 36. Nc6 Rf8 37. d8=Q 1-0

[Event "CYCC U12"]
[Site "Sault Ste Marie CAN"]
[Date "2017.07.08"]
[Round "6.59"]
[White "Zhao, Jeffrey Renfei"]
[Black "Craciun, David"]
[Result "1-0"]
[WhiteElo "1525"]
[BlackElo "1617"]
[WhiteFideId "-1"]
[WhiteFideId "-1"]
[PlyCount "49"]
[GameId "2160767908410393"]
[EventDate "2017.07.06"]
[EventType "swiss"]
[EventRounds "7"]
[EventCountry "CAN"]
[SourceTitle "hb 2017"]

1. e4 e5 2. Nf3 Nc6 3. Bc4 Bc5 4. O-O Nf6 5. d4 Bxd4 6. Nxd4 Nxd4 7. Bg5 h6 8. Bh4 Qe7 9. f4 d6 10. fxe5 dxe5 11. Bxf6 gxf6 12. Kh1 h5 13. h3 Bd7 14. Nc3 c6 15. a3 O-O-O 16. Rf2 f5 17. exf5 Nxf5 18. Qf3 h4 19. Ne4 Rdg8 20. Rd1 Rg6 21. Rxd7 Qxd7 22. Qxf5 Qxf5 23. Rxf5 Rf8 24. Bxf7 Rgg8 25. Bxg8 1-0

[Event "CYCC U12"]
[Site "Sault Ste Marie CAN"]
[Date "2017.07.09"]
[Round "6.60"]
[White "Issani, Nameer"]
[Black "Yang, Henry"]
[Result "1-0"]
[WhiteElo "2157"]
[BlackElo "1318"]
[WhiteFideId "-1"]
[WhiteFideId "-1"]
[PlyCount "49"]
[GameId "2160767908410394"]
[EventDate "2017.07.06"]
[EventType "swiss"]
[EventRounds "7"]
[EventCountry "CAN"]
[SourceTitle "EXT 2022"]
[Source "ChessBase"]
[SourceDate "2021.10.06"]
[SourceVersion "1"]
[SourceVersionDate "2021.10.06"]
[SourceQuality "1"]

1. d4 d5 2. c4 e6 3. Nc3 Nf6 4. cxd5 exd5 5. Bg5 Be7 6. e3 h6 7. Bh4 c6 8. Bd3 O-O 9. Nge2 Be6 10. O-O Nbd7 11. f3 Qc7 12. e4 dxe4 13. fxe4 Rfe8 14. Bg3 Qa5 15. Nf4 Rac8 16. Nxe6 fxe6 17. e5 Nd5 18. Qh5 Nf8 19. Rxf8+ Bxf8 20. Qg6 Ne3 21. Ne4 Nd5 22. Nf6+ Nxf6 23. exf6 Re7 24. f7+ Rxf7 25. Qh7# 1-0

[Event "CYCC U12"]
[Site "Sault Ste Marie CAN"]
[Date "2017.07.09"]
[Round "6.61"]
[White "Lu, Lucas Yunkun"]
[Black "Kang, Dorian"]
[Result "0-1"]
[WhiteElo "1299"]
[BlackElo "2026"]
[WhiteFideId "-1"]
[WhiteFideId "-1"]
[PlyCount "90"]
[GameId "2160767908410395"]
[EventDate "2017.07.06"]
[EventType "swiss"]
[EventRounds "7"]
[EventCountry "CAN"]
[SourceTitle "hb 2017"]

1. e4 c5 2. Nc3 Nc6 3. Nge2 Nf6 4. g3 d6 5. Bg2 g6 6. O-O Bg7 7. d3 O-O 8. h3 Rb8 9. a4 a6 10. Be3 b5 11. axb5 axb5 12. Qd2 b4 13. Nd1 Ne8 14. Bh6 e5 15. Bxg7 Nxg7 16. c3 bxc3 17. bxc3 Be6 18. d4 cxd4 19. cxd4 Bc4 20. d5 Bxe2 21. Qxe2 Nd4 22. Qa2 Qd7 23. Qa7 Rb7 24. Qa6 Nb3 25. Ra3 Nc5 26. Qe2 f5 27. Nc3 Rb4 28. Rfa1 fxe4 29. Bxe4 Qxh3 30. Ra8 Rbb8 31. Rxb8 Rxb8 32. Bg2 Qd7 33. Kh2 Qc7 34. Ne4 Nxe4 35. Qxe4 Nf5 36. Bh3 Nd4 37. Ra6 Rb2 38. Ra8+ Kg7 39. Qe3 Re2 40. Qa3 Rxf2+ 41. Kh1 Rf7 42. Be6 Nxe6 43. dxe6 Qb7+ 44. Kg1 Qb1+ 45. Kh2 Rf2+ 0-1

[Event "CYCC U12"]
[Site "Sault Ste Marie CAN"]
[Date "2017.07.08"]
[Round "6.62"]
[White "Gao, Raymond"]
[Black "Ran, Charles"]
[Result "1-0"]
[WhiteElo "1537"]
[BlackElo "1300"]
[WhiteFideId "-1"]
[WhiteFideId "-1"]
[PlyCount "83"]
[GameId "2160767908410396"]
[EventDate "2017.07.06"]
[EventType "swiss"]
[EventRounds "7"]
[EventCountry "CAN"]
[SourceTitle "hb 2017"]

1. e4 e5 2. Nf3 Nc6 3. Bc4 Bc5 4. c3 Nf6 5. d3 h6 6. O-O d6 7. Nbd2 O-O 8. Re1 Nh7 9. Nf1 Bg4 10. h3 Bh5 11. Ng3 Bg6 12. b4 Bb6 13. a4 a6 14. a5 Ba7 15. Nh2 Ne7 16. h4 Nf6 17. h5 Bh7 18. Ng4 Nc6 19. Qf3 Nxg4 20. Qxg4 Qf6 21. Be3 Ne7 22. Qd7 Bxe3 23. Rxe3 Rac8 24. Rf3 Qg5 25. Rb1 g6 26. b5 axb5 27. Rxb5 c6 28. Rxb7 Rce8 29. Rxf7 Kh8 30. Rxe7 Rxe7 31. Qxe7 Qxe7 32. Rxe7 Ra8 33. a6 d5 34. exd5 cxd5 35. Bb5 gxh5 36. Re8+ Rxe8 37. Bxe8 Bxd3 38. a7 d4 39. a8=Q dxc3 40. Nxh5 Bc4 41. Bf7+ Kh7 42. Qg8# 1-0

[Event "CYCC U12"]
[Site "Sault Ste Marie CAN"]
[Date "2017.07.09"]
[Round "6.63"]
[White "Butchart, Kevin"]
[Black "Xiang, Christopher"]
[Result "0-1"]
[WhiteElo "1363"]
[BlackElo "1271"]
[WhiteFideId "-1"]
[WhiteFideId "-1"]
[PlyCount "125"]
[GameId "2160767908410398"]
[EventDate "2017.07.06"]
[EventType "swiss"]
[EventRounds "7"]
[EventCountry "CAN"]
[SourceTitle "EXT 2022"]
[Source "ChessBase"]
[SourceDate "2021.10.06"]
[SourceVersion "1"]
[SourceVersionDate "2021.10.06"]
[SourceQuality "1"]

1. e4 c5 2. c4 d6 3. Nf3 Nf6 4. Nc3 Nc6 5. d4 cxd4 6. Nxd4 e6 7. Be3 Be7 8. f3 O-O 9. Qd2 a6 10. Be2 Qc7 11. b3 b6 12. Rc1 Bb7 13. O-O Qb8 14. g4 Rd8 15. g5 Ne8 16. f4 Nc7 17. f5 d5 18. cxd5 exd5 19. Nxd5 Nxd5 20. exd5 Nxd4 21. Bxd4 Bxd5 22. f6 Bd6 23. Rf2 Bxh2+ 24. Kf1 Bg3 25. Bd3 g6 26. Re2 Qf4+ 27. Qxf4 Bxf4 28. Be3 Bxe3 29. Rxe3 a5 30. Bc4 Rac8 31. Rce1 Bxc4+ 32. bxc4 Kf8 33. Rh3 Kg8 34. Rhe3 h5 35. gxh6 Rxc4 36. Re8+ Rxe8 37. Rxe8+ Kh7 38. Re7 Kxh6 39. Rxf7 g5 40. Kg2 Kg6 41. Rb7 Ra4 42. Rxb6 Rxa2+ 43. Kg3 Ra3+ 44. Kf2 Rc3 45. Ra6 Rc5 46. Kg3 Kf7 47. Kg4 Kg6 48. Kg3 Rc3+ 49. Kf2 Ra3 50. Kg2 Ra1 51. Kf2 a4 52. Kg2 a3 53. Kh2 a2 54. Kg2 g4 55. Kh2 g3+ 56. Kg2 Kf7 57. Ra8 Kxf6 58. Ra6+ Ke5 59. Ra5+ Kd4 60. Kxg3 Rg1+ 61. Kf2 a1=Q 62. Rxa1 Rxa1 63. Kf3 0-1